[Event "GER-chT U14"]
[Site "Magdeburg"]
[Date "2013.12.28"]
[Round "4.2"]
[White "Roessler, Linus Benedict"]
[Black "Sack, Carl Anton"]
[Result "0-1"]
[WhiteElo "1497"]
[BlackElo "1553"]
[PlyCount "79"]
[EventDate "2013.12.27"]
[EventType "team-swiss"]
[EventRounds "4"]
[EventCountry "GER"]
[SourceTitle "EXT 2015"]
[Source "ChessBase"]
[SourceDate "2014.11.20"]
[SourceVersion "1"]
[SourceVersionDate "2014.11.20"]
[SourceQuality "1"]
[WhiteTeam "Magdeburg Aufbau Elbe"]
[BlackTeam "Dresden Gruen Weiss"]
[WhiteTeamCountry "GER"]
[BlackTeamCountry "GER"]

1. e4 c5 2. Nf3 d6 3. d4 cxd4 4. Nxd4 Nf6 5. Nc3 a6 6. Be3 e6 7. f3 b5 8. Qd2 Nbd7 9. 0-0-0 Bb7 10. g4 Nb6 11. h4 Nfd7 12. Qf2 Rc8 13. g5 Nc4 14. Bxc4 Rxc4 15. h5 Rxc3 16. bxc3 Qa5 17. Kd2 Ne5 18. Nb3 Nc4+ 19. Kd3 Ne5+ 20. Kd2 Nc4+ 21. Ke2 Qxc3 22. Rc1 d5 23. Bd4 Qb4 24. e5 a5 25. c3 Qa3 26. Rc2 b4 27. Kf1 Be7 28. f4 bxc3 29. Rxc3 a4 30. Na5 Qb4 31. Nxb7 Qxb7 32. Kg2 h6 33. gxh6 Rxh6 34. Rcc1 g6 35. hxg6 Rxg6+ 36. Kf3 Qb4 37. Rcg1 Qa3+ 38. Be3 d4 39. Re1 dxe3 40. Qe2 0-1

[Event "GER-chT U14"]
[Site "Magdeburg"]
[Date "2012.12.28"]
[Round "3.2"]
[White "Sack, Carl Anton"]
[Black "Tuente, Marcel"]
[Result "0-1"]
[WhiteElo "1446"]
[BlackElo "1543"]
[PlyCount "28"]
[EventDate "2012.12.27"]
[EventType "team-swiss"]
[EventRounds "7"]
[EventCountry "GER"]
[SourceTitle "EXT 2014"]
[Source "ChessBase"]
[SourceDate "2013.11.20"]
[SourceVersion "1"]
[SourceVersionDate "2013.11.20"]
[SourceQuality "1"]
[WhiteTeam "Dresden Gruen Weiss"]
[BlackTeam "Raesfeld Erle"]
[WhiteTeamCountry "GER"]
[BlackTeamCountry "GER"]

1. e4 e5 2. Nf3 Nc6 3. d4 exd4 4. Nxd4 Bc5 5. Nxc6 bxc6 6. Nc3 Ne7 7. Bc4 0-0 8. 0-0 Ng6 9. Kh1 Ne5 10. Bb3 d6 11. f4 Ng4 12. Qe2 Nxh2 13. Re1 Bg4 14. Qd3 Qh4 0-1

[Event "GER-chT U12"]
[Site "Arendsee"]
[Date "2011.12.29"]
[Round "6.2"]
[White "Ehmann, Thilo"]
[Black "Sack, Carl Anton"]
[Result "1/2-1/2"]
[WhiteElo "1860"]
[BlackElo "1487"]
[PlyCount "134"]
[EventDate "2011.12.27"]
[EventType "team-swiss"]
[EventRounds "7"]
[EventCountry "GER"]
[SourceTitle "EXT 2022"]
[Source "ChessBase"]
[SourceDate "2021.10.06"]
[SourceVersion "1"]
[SourceVersionDate "2021.10.06"]
[SourceQuality "1"]
[WhiteTeam "Sasbach U12"]
[BlackTeam "Dresden Gruen Weiss U12"]
[WhiteTeamCountry "GER"]
[BlackTeamCountry "GER"]

1. e4 c5 2. Nf3 d6 3. d4 cxd4 4. Nxd4 Nf6 5. Nc3 a6 6. f3 e6 7. Be3 Nc6 8. Qd2 Be7 9. 0-0-0 Qc7 10. g4 Nd7 11. h4 b5 12. Bg2 Nb6 13. Bf1 Bd7 14. Qf2 Rb8 15. Kb1 Na5 16. g5 Nac4 17. Bxc4 Nxc4 18. Bc1 b4 19. Nce2 a5 20. h5 a4 21. g6 fxg6 22. hxg6 h6 23. b3 axb3 24. axb3 Na3+ 25. Bxa3 bxa3 26. Rc1 Bf6 27. c4 0-0 28. Ka2 Qa5 29. Qe1 Qa7 30. Qd1 Rfc8 31. Nb5 Bxb5 32. cxb5 Rxc1 33. Qxc1 Qb7 34. Qc6 Qxb5 35. Qxb5 Rxb5 36. Rc1 Kf8 37. Kxa3 d5 38. Ka4 Rb7 39. exd5 exd5 40. Rd1 Rd7 41. Nf4 d4 42. b4 Ke7 43. Rd3 Be5 44. Ne2 Kd6 45. b5 h5 46. b6 h4 47. Ng1 Kd5 48. Kb5 Rd6 49. Nh3 Rxg6 50. f4 Bb8 51. Ra3 Rg3 52. Ra8 Bd6 53. Ng5 h3 54. Rh8 Bxf4 55. Nxh3 Be5 56. Rd8+ Ke4 57. Nf2+ Ke3 58. Re8 Kxf2 59. Rxe5 Rb3+ 60. Kc4 Rxb6 61. Kxd4 Rb4+ 62. Kd3 Rb3+ 63. Ke4 Rg3 64. Kf4 Rf3+ 65. Kg4 Rg3+ 66. Kf4 g6 67. Re2+ Kxe2 1/2-1/2

[Event "GER-chT U12"]
[Site "Arendsee"]
[Date "2011.12.27"]
[Round "1.2"]
[White "Sack, Carl Anton"]
[Black "Kolb, Verena"]
[Result "1-0"]
[WhiteElo "1487"]
[BlackElo "964"]
[PlyCount "85"]
[EventDate "2011.12.27"]
[EventType "team-swiss"]
[EventRounds "7"]
[EventCountry "GER"]
[SourceTitle "EXT 2022"]
[Source "ChessBase"]
[SourceDate "2021.10.06"]
[SourceVersion "1"]
[SourceVersionDate "2021.10.06"]
[SourceQuality "1"]
[WhiteTeam "Dresden Gruen Weiss U12"]
[BlackTeam "Seubelsdorf U12"]
[WhiteTeamCountry "GER"]
[BlackTeamCountry "GER"]

1. e4 e6 2. d4 d5 3. Nd2 c5 4. c3 Qb6 5. Ndf3 Nc6 6. Ne2 Nf6 7. e5 Ne4 8. Ng3 Nxg3 9. fxg3 Be7 10. Qd3 f6 11. exf6 Bxf6 12. dxc5 Qxc5 13. Be3 Qd6 14. Be2 Ne5 15. Nxe5 Bxe5 16. 0-0 Bd7 17. Bd4 0-0-0 18. Qe3 Bxd4 19. Qxd4 Kb8 20. Qxg7 Qb6+ 21. Kh1 Qxb2 22. Qe5+ Kc8 23. Rab1 Qc2 24. Ba6 Bc6 25. Qxe6+ Kc7 26. Qe5+ Kc8 27. Qe6+ Kc7 28. Qe7+ Rd7 29. Qe5+ Kc8 30. Qxh8+ Kc7 31. Qe5+ Kc8 32. Qe8+ Kc7 33. Bxb7 d4 34. Qc8+ Kd6 35. Qxc6+ Ke7 36. Rfe1+ Kf7 37. Qxd7+ Kg6 38. Be4+ Qxe4 39. Rxe4 dxc3 40. Qd5 c2 41. Re6+ Kf7 42. Qd7+ Kf8 43. Re8# 1-0